|
|
|
|
| LEADER |
01361nam a22003254a 4500 |
| 001 |
34224 |
| 003 |
BD-DhAAL |
| 005 |
20190204121436.0 |
| 008 |
190203r20072018enka b 001 0 eng |
| 999 |
|
|
|c 40150
|d 40150
|
| 010 |
|
|
|a 2009419027
|
| 020 |
|
|
|a 9780521880329 (hardback)
|
| 020 |
|
|
|a 9780521176330
|
| 040 |
|
|
|a DLC
|c DLC
|d DLC
|d BD-DhAAL
|
| 042 |
|
|
|a pcc
|
| 050 |
0 |
0 |
|a QC794.6.S85
|b Z95 2009
|
| 082 |
0 |
0 |
|a 539.7258
|2 22
|
| 100 |
1 |
|
|a Zwiebach, Barton,
|d 1954-
|9 29838
|
| 245 |
1 |
2 |
|a A first course in string theory /
|c Barton Zwiebach.
|
| 250 |
|
|
|a 2nd edition
|
| 260 |
|
|
|a Cambridge ;
|a United Kingdom :
|b Cambridge University Press,
|c 2018
|
| 300 |
|
|
|a xxii, 673 pages :
|b illustrations ;
|c 26 cm.
|
| 504 |
|
|
|a Includes bibliographical references (pages [659]-666) and index.
|
| 526 |
|
|
|a MNS
|
| 541 |
|
|
|a Trim Education
|e 34224, 34225
|
| 650 |
|
0 |
|a String models.
|9 29839
|
| 852 |
|
|
|a Ayesha Abed Library
|c General Stacks
|
| 942 |
|
|
|2 ddc
|c BK
|
| 952 |
|
|
|0 0
|1 0
|2 ddc
|4 0
|6 539_725800000000000_ZWI
|7 0
|9 64968
|a BRACUL
|b BRACUL
|c GEN
|d 2019-01-23
|e Trim Education
|g 5390.00
|l 6
|m 38
|o 539.7258 ZWI
|p 3010034224
|r 2026-04-07
|s 2025-12-08
|t 1
|v 5390.00
|w 2019-01-23
|y BK
|
| 952 |
|
|
|0 0
|1 0
|2 ddc
|4 0
|6 539_725800000000000_ZWI
|7 0
|9 64969
|a BRACUL
|b BRACUL
|c GEN
|d 2019-01-23
|e Trim Education
|g 5390.00
|l 1
|m 30
|o 539.7258 ZWI
|p 3010034225
|r 2019-11-27
|s 2019-04-15
|t 2
|v 5390.00
|w 2019-01-23
|y BK
|